Ảnh hưởng của sức mạnh trên biển đối với lịch sử, 1660-1783
Sách viết về những cuộc hải chiến và tư duy hải quân, đúc kết những bài học kinh nghiệm lịch sử quý báu về chiến lược trên biển.
保存先:
| 第一著者: | |
|---|---|
| フォーマット: | 図書 |
| 言語: | Undetermined |
| 出版事項: |
Hà Nội
Tri thức
2012
|
| 主題: | |
| タグ: |
タグ追加
タグなし, このレコードへの初めてのタグを付けませんか!
|
| Thư viện lưu trữ: | Trung tâm Học liệu Trường Đại học Cần Thơ |
|---|
| LEADER | 00896nam a2200205Ia 4500 | ||
|---|---|---|---|
| 001 | CTU_180533 | ||
| 008 | 210402s9999 xx 000 0 und d | ||
| 020 | |c 160000 | ||
| 082 | |a 909.6 | ||
| 082 | |b M214 | ||
| 100 | |a Mahan, A. T. | ||
| 245 | 0 | |a Ảnh hưởng của sức mạnh trên biển đối với lịch sử, 1660-1783 | |
| 245 | 0 | |c A.T. Mahan ; Phạm Nguyên Trường (Dịch) | |
| 260 | |a Hà Nội | ||
| 260 | |b Tri thức | ||
| 260 | |c 2012 | ||
| 520 | |a Sách viết về những cuộc hải chiến và tư duy hải quân, đúc kết những bài học kinh nghiệm lịch sử quý báu về chiến lược trên biển. | ||
| 650 | |a Naval history, Modern,Sea-power,Sức mạnh trên biển,Lịch sử hải quân | ||
| 910 | |a Nguyên | ||
| 980 | |a Trung tâm Học liệu Trường Đại học Cần Thơ | ||